000 00310nam a2200121 a 4500
005 20140414131857.0
008 100826s19uu xx 00 eng d
050 _aFIL
_bAl1 2009
100 _aMatias, Segundo
245 _aAlamat ng pagong.
260 _aPhilippines :
_bLampara Books,
_c2009.
999 _c110511
_d110511